banner-ar

OVERCOMING ORGANIZATIONAL DEFENSES: FACILITATING ORGANIZATIONAL LEARNING / (Record no. 20819)

MARC details
000 -الفاتح
حقل البيانات ثابتة الطول 00499nam a2200169Ia 4500
008 - عناصر البيانات ثابتة الطول - معلومات عامة
حقل البيانات ثابتة الطول 140319s9999 xx 000 0 eng d
040 ## - مصدر الفهرسة
وكالة الفهرسة الأصلية GCL /
وكالة النسخ GCL
082 04 - رقم تصنيف ديوى العشرى
رقم التصنيف 658.4063
رقم المادة A O
100 1# - المدخل الرئيسى - إسم شخصى
الإسم الشخصى ARGYRIS, CHRIS.
245 10 - بيان العنوان
العنوان OVERCOMING ORGANIZATIONAL DEFENSES: FACILITATING ORGANIZATIONAL LEARNING /
بيان المسئوليه,etc ARGYRIS, CHRIS.
260 ## - PUBLICATION, DISTRIBUTION, ETC. (IMPRINT)
تاريخ النشر أو التوزيع 1990
300 ## - الوصف المادى
التعداد 169 P
650 04 - المدخل الاضافى بالموضوع-مصطلح موضوعى
مصطلح موضوعي ORGANIZATIONAL BEHAVIOR
650 04 - المدخل الاضافى بالموضوع-مصطلح موضوعى
مصطلح موضوعي ORGANIZATIONAL CHANGE
942 ## - عناصر المدخل الإضافي( كوها)
مصدر التصنيف او مخطط الترفيف Dewey Decimal Classification
Koha [default] item type كتاب
260 ## - PUBLICATION, DISTRIBUTION, ETC. (IMPRINT)
-- [S.N] :
-- ALLYN AND BACON ،
Holdings
حالة التراجع حالة الفقد حالة تلف ليس للاعارة المكان المؤقت الموقع الحالى تاريخ الاكتساب اجمالي اﻻعارات رقم الطلب الباركود تاريخ اخر مشاهدة تاريخ تفعيل السعر نوع وعاء كوها
        مكتبة القاهرة الكبرى مكتبة القاهرة الكبرى 03/26/2014   658.4063\A O 38814 03/26/2014 03/26/2014 كتاب

Powered By

EGPV